000 01156nam a22003497a 4500
005 2009112100080.0
006 a|||||r|||||00| 0
008 091121t xxu||||| |||| 00| 0 eng d
022 _a0971-0531
040 _aDLC
_cDLC
_dNST
_dDLC
_dMiU
_dOCoLC
042 _alc
043 _aa-ii---
050 _aZ671
_b.I48
082 _a027.05405
_220
210 _aILA bull.
222 _aILA bulletin
245 _aILA Newsletter
246 _aNewsletter
246 _aIndian Library Association bulletin
260 _aDelhi :
_bIndian Library Association,
_c1983-
300 _av. :
_bill. ;
_c26 cm.
310 _aquarterly
500 _aTitle from cover.
650 _aLibraries
_zIndia
_vPeriodicals.
710 _aIndian Library Association.
270 _aA40-41, Flat No. 201, Ansal Building, Dr. Mukherjee Nagar
_bNew Delhi
_e110009
906 _a7
_bcbc
_cserials
_d2
_encip
_f19
_gn-oclcserc
942 _2ddc
_cSR
_h027.05405
_kILA
_s1
999 _c32017
_d32017